Statystyki dla Gwara poznańska

Kliknij tutaj aby rozwiązać quiz!

Ogólne statystyki

  • Ten quiz został rozwiązany 233 razy
  • Średni wynik to 12 z 25

Statystyki odpowiedzi

HintOdpowiedź% Poprawnych
pyraziemniak
94%
wyrołóżko
92%
bryleokulary
89%
giranoga
86%
bimbatramwaj
74%
ćmikpapieros
72%
laczkikapcie
71%
katanakurtka
64%
kejterpies
63%
bejmypieniądze
58%
kamlotkamień
57%
szkiełypolicja
54%
kociamberkot
53%
gziktwaróg
50%
golarzfryzjer
45%
szczunchłopak
41%
sprawunkizakupy
32%
meladziewczyna
19%
fyrtelokolica
18%
skibkakawałek chleba
16%
glancpołysk
10%
blubrybzdury
6%
tytkapapierowa torba
6%
gułaniezdara
5%
rojberpsotnik
1%

Rozkład punktacji

Percentyl według liczby udzielonych odpowiedzi

Procent ludzi z każdym wynikiem

Twoja historia wyników

Nie rozwiązałeś tego quizu